[Event "1ºTorneio Lesta"]
[Site "http://www.queenalice.com/game.php?id=453929"]
[Date "2008.8.26"]
[Round "1"]
[White "stuge"]
[Black "Krajnicov"]
[Result "0-1"]
[WhiteElo "1490"]
[BlackElo "1499"]

1. d4 e6 2. c4 c5 3. d5 e5 4. e4 Qa5+ 5. Bd2 Qb6 6. Nf3 Qxb2 7. Nc3 a6 8. Nxe5
d6 9. Nd3 Qb6 10. e5 Nd7 11. Na4 Qd8 12. exd6 Bxd6 13. Be3 b6 14. h4 b5 15.
Naxc5 Ne5 16. Nxe5 Bxe5 17. Bd4 Bf6 18. a4 Ne7 19. axb5 a5 20. g3 Nf5 21. Bxf6
Qxf6 22. Bg2 O-O 23. d6 Qe5+ 24. Ne4 Bb7 25. f4 Qe8 26. d7 Qd8 27. O-O Qb6+ 28.
Rf2 Ne3 29. Qe2 Nxg2 30. Kxg2 Rae8 31. dxe8=Q Rxe8 32. c5 Qe6 33. c6 Bc8 34. Rh1
a4 35. Kf1 Qd5 36. Kg1 Rxe4 37. Qf3 a3 38. c7 a2 39. Kh2 Qe6 40. Rxa2 Qxa2+ 41.
Qg2 Re2 42. Rg1 Rxg2+ 43. Rxg2 Qe6 44. Kg1 Qb6+ 45. Kh2 Qxc7 46. Re2 Qd7 47. Kg1
Kf8 48. b6 Qd1+ 49. Kf2 Bg4 0-1

[Event "Fischer 43/08"]
[Site "http://www.queenalice.com/game.php?id=457788"]
[Date "2008.9.3"]
[Round "3"]
[White "JoseASeguro"]
[Black "stuge"]
[Result "1-0"]
[WhiteElo "1971"]
[BlackElo "1474"]

1. c4 f5 2. g3 Nc6 3. Bg2 Na5 4. Qa4 Nc6 5. e3 Nf6 6. d4 e5 7. dxe5 Nxe5 8. Qb3
a5 9. a3 Ra6 10. Bd2 Ne4 11. Nf3 Rb6 12. Qa4 Nxf3+ 13. Bxf3 Nxd2 14. Nxd2 Rxb2
15. Qxa5 b6 16. Qe5+ Qe7 17. Qxb2 Qe6 18. O-O Ba6 19. Bd5 Qd6 20. Rfd1 c6 21.
Bf3 Rg8 22. a4 g6 23. Qxb6 Bg7 24. Rab1 Bc8 25. Ne4 Qe5 26. Nd6+ Ke7 27. Qc7 Ba6
28. Bxc6 Qc5 29. Qxd7+ 1-0

[Event "Challenge"]
[Site "http://www.queenalice.com/game.php?id=466886"]
[Date "2008.9.22"]
[Round "-"]
[White "stuge"]
[Black "EternalChess"]
[Result "1-0"]
[WhiteElo "1486"]
[BlackElo "1401"]

1. e4 e5 2. f4 exf4 3. Bc4 Nf6 4. Nc3 Bb4 5. Nge2 Bxc3 6. Nxc3 d6 7. Nd5 Nxe4 8.
Qe2 Bf5 9. d3 Qh4+ 10. g3 Qh6 11. Nxc7+ Kd8 12. Nxa8 b6 13. Bxf4 Qf6 14. O-O-O
Nc6 15. Bd5 Kd7 16. Nxb6+ axb6 17. Bxe4 Nd4 18. Qe3 Bxe4 19. Qxe4 Re8 20. Qb7+
Ke6 21. Rhe1+ Kf5 22. Rxe8 g5 23. Qd5+ Kg6 24. Rg8+ Kh5 25. Rxg5+ 1-0

[Event "lucianovdemelo-2"]
[Site "http://www.queenalice.com/game.php?id=467225"]
[Date "2008.9.23"]
[Round "4"]
[White "catfishcore"]
[Black "stuge"]
[Result "0-1"]
[WhiteElo "1508"]
[BlackElo "1499"]

1. Nf3 c5 2. e4 d6 3. Ng5 h6 4. Nf3 g5 5. h3 Bg7 6. Bc4 Qb6 7. c3 Nf6 8. e5 g4
9. hxg4 Nxg4 10. e6 Bxe6 11. Na3 Bxc4 12. Nxc4 Qb5 13. d3 Nc6 14. Na3 Qa5 15.
Bd2 Qb6 16. Qc2 c4 17. Rf1 Nce5 18. Nxc4 Qc5 19. b4 Qc6 20. Na5 Nxf3+ 21. gxf3
Qxf3 22. Qa4+ Kf8 23. Qb5 b6 24. Nb3 Qg2 25. O-O-O Nxf2 26. Rde1 a6 27. Qxb6
Nxd3+ 28. Kb1 Nxe1 29. Rxe1 Bf6 30. Na5 Qxd2 31. Rc1 Bxc3 32. Nc4 Qd3+ 33. Rc2
Qxc4 0-1

[Event "AUTO-INT-1082"]
[Site "http://www.queenalice.com/game.php?id=483092"]
[Date "2008.10.26"]
[Round "1"]
[White "stuge"]
[Black "giraldes"]
[Result "1/2-1/2"]
[WhiteElo "1566"]
[BlackElo "1412"]

1. d4 d5 2. Nc3 Nf6 3. g3 Nc6 4. Bg2 e6 5. Bf4 a6 6. Nf3 Bb4 7. O-O h6 8. Na4 b6
9. a3 Bd6 10. Bxd6 Qxd6 11. b3 O-O 12. c4 Ne4 13. c5 Qe7 14. cxb6 cxb6 15. Nxb6
Rb8 16. Nxc8 Rbxc8 17. Qd3 a5 18. Rac1 Qxa3 19. Ra1 Qb4 20. Ra4 Qb6 21. Ne5 Nxe5
22. dxe5 Rc3 23. Bxe4 Rxd3 24. Bxd3 Rc8 25. Rb1 Qc7 26. e4 dxe4 27. Rxe4 Qc3 28.
Re3 Rc5 29. Bh7+ Kxh7 30. Rxc3 Rxc3 31. b4 axb4 32. Rxb4 Rc1+ 33. Kg2 Re1 34. f4
h5 35. Rb7 Kg6 36. Kf3 f6 37. Re7 fxe5 38. Rxe6+ Kf5 39. Re7 g5 40. fxe5 Rxe5
41. Rxe5+ 1/2-1/2

[Event "AUTO-INT-1082"]
[Site "http://www.queenalice.com/game.php?id=483093"]
[Date "2008.10.26"]
[Round "1"]
[White "giraldes"]
[Black "stuge"]
[Result "0-1"]
[WhiteElo "1409"]
[BlackElo "1559"]

1. e4 e5 2. Bc4 Nf6 3. Nc3 Bb4 4. Nd5 Nxd5 5. exd5 d6 6. c3 Bc5 7. Nf3 e4 8. Nd4
Qh4 9. h3 c6 10. d3 cxd5 11. Bb5+ Bd7 12. Bxd7+ Nxd7 13. g3 Qf6 14. Bf4 Bxd4 15.
cxd4 Qxd4 16. Qd2 exd3 17. Bxd6 Rc8 18. O-O Rc2 19. Rfe1+ Kd8 20. Qa5+ b6 21.
Be7+ Kc8 22. Qa6+ Kb8 23. Re3 d2 24. Bd6+ Ka8 25. Qd3 Qxd3 26. Rxd3 Rxb2 27. Rd1
Rxa2 28. R1xd2 Rxd2 29. Rxd2 Nf6 30. Be5 Rd8 31. f3 a5 32. Bc7 Rd7 33. Bxb6 Nh5
34. Kg2 a4 35. Ra2 Kb7 36. Bd4 g5 37. Rb2+ Kc6 38. Be3 d4 39. Bxg5 d3 40. Ra2
Kb5 41. Bd2 Rd4 42. Ra3 Nf6 43. g4 Nd5 44. h4 Nb4 45. Bc3 Nc2 46. Ra2 Rc4 47.
Rb2+ Nb4 48. Rd2 Rxc3 49. h5 a3 50. Rd1 a2 51. g5 d2 52. g6 fxg6 53. hxg6 hxg6
54. f4 a1=Q 55. Rxa1 Rc1 56. Rxc1 dxc1=Q 57. Kg3 Qe3+ 58. Kg4 Nd5 0-1

[Event "AUTO-INT-1082"]
[Site "http://www.queenalice.com/game.php?id=483094"]
[Date "2008.10.26"]
[Round "1"]
[White "stuge"]
[Black "DALECIO_RAZIEL"]
[Result "1-0"]
[WhiteElo "1515"]
[BlackElo "1375"]

1. d4 d5 2. Bf4 Nc6 3. c3 b5 4. e4 dxe4 5. Bxb5 Bb7 6. d5 Rb8 7. dxc6 Qxd1+ 8.
Kxd1 Rd8+ 9. Nd2 f5 10. cxb7+ Kf7 11. Bxc7 1-0

[Event "AUTO-INT-1082"]
[Site "http://www.queenalice.com/game.php?id=483095"]
[Date "2008.10.26"]
[Round "1"]
[White "DALECIO_RAZIEL"]
[Black "stuge"]
[Result "0-1"]
[WhiteElo "1324"]
[BlackElo "1564"]

1. e4 e5 2. d4 Qf6 3. d5 d6 4. a4 Bd7 5. Nc3 a6 6. h3 c6 7. g4 cxd5 8. Nxd5 Qd8
9. c4 Nf6 10. Bg5 Qa5+ 11. Bd2 Qc5 12. Bb4 Qa7 13. Nc7+ Kd8 14. Nxa8 Qxa8 15.
Bxd6 Nxe4 16. Bxb8 Qxb8 17. Bd3 Nc5 18. Nf3 e4 19. Ng5 Nxd3+ 20. Kf1 Qf4 21. Qe2
Qxg5 22. Qxe4 Nxb2 23. Qxb7 Nxa4 24. Qb8+ Bc8 25. Rd1+ Ke7 26. Qc7+ Kf6 27. Qd8+
Kg6 28. Qxc8 Nb2 29. Qc6+ f6 30. Qe4+ f5 31. Qe6+ Qf6 32. gxf5+ Kh6 33. Re1 Bb4
34. Rb1 Bc3 35. c5 Qxe6 36. fxe6 Re8 37. Rc1 Na4 38. c6 Rxe6 39. c7 Rc6 40. Rd1
Rxc7 41. Rd6+ g6 42. Rxa6 Nc5 43. Rd6 Ne4 44. Rd5 Rf7 45. Ke2 Nxf2 0-1

[Event "AUTO-INT-1082"]
[Site "http://www.queenalice.com/game.php?id=483096"]
[Date "2008.10.26"]
[Round "1"]
[White "stuge"]
[Black "Ponce"]
[Result "0-1"]
[WhiteElo "1540"]
[BlackElo "1645"]

1. e4 e5 2. d4 f6 3. Nf3 Nc6 4. dxe5 fxe5 5. Bg5 Be7 6. Bxe7 Qxe7 7. Bb5 Qb4+ 8.
Nc3 Qxb2 9. Na4 Qxb5 10. Nc3 Qb4 11. Qd2 Nf6 12. O-O Nxe4 13. Nxe4 Qxe4 14. Rfe1
Qf5 15. Qd5 Ne7 16. Rxe5 c6 17. Qc5 Qf6 18. Qe3 d6 19. Rxe7+ Qxe7 20. Qxe7+ Kxe7
21. Re1+ Kd7 22. Ng5 c5 23. Nf7 Rf8 24. Ng5 Kc6 25. Nxh7 Rh8 26. Nf6 gxf6 0-1

[Event "AUTO-INT-1082"]
[Site "http://www.queenalice.com/game.php?id=483097"]
[Date "2008.10.26"]
[Round "1"]
[White "Ponce"]
[Black "stuge"]
[Result "1/2-1/2"]
[WhiteElo "1647"]
[BlackElo "1563"]

1. d4 d5 2. Nf3 e6 3. Bg5 Nf6 4. Bxf6 Qxf6 5. Nc3 Bb4 6. Qd2 O-O 7. a3 Ba5 8. b4
Bb6 9. e3 Nd7 10. Be2 e5 11. Nxd5 Qd6 12. dxe5 Nxe5 13. O-O Rd8 14. e4 c6 15.
Nxb6 Qxd2 16. Nxd2 axb6 17. Rad1 b5 18. f4 Bg4 19. Bxg4 Nxg4 20. Rf3 Rd7 21. h3
Rad8 22. hxg4 Rxd2 23. Rxd2 Rxd2 24. Kh2 Rxc2 25. e5 c5 26. Rd3 h6 27. Rd8+ Kh7
28. Rd7 cxb4 29. axb4 Rc4 30. Rxf7 Rxb4 31. g5 hxg5 32. f5 Kh6 33. f6 gxf6 34.
e6 Kg6 35. Rxb7 Re4 36. e7 Kf7 37. Kg3 Rxe7 38. Rxb5 Kg6 39. Rb6 Re4 40. Kf3
Rf4+ 41. Kg3 Kh5 42. Rb7 Rg4+ 43. Kf3 f5 44. Rh7+ Kg6 45. Rh8 Rh4 46. Rg8+ Kf6
47. g3 Rh3 48. Kg2 g4 49. Rf8+ Kg5 50. Rg8+ 1/2-1/2

[Event "Challenge"]
[Site "http://www.queenalice.com/game.php?id=486026"]
[Date "2008.10.31"]
[Round "-"]
[White "cdare"]
[Black "stuge"]
[Result "1-0"]
[WhiteElo "1686"]
[BlackElo "1569"]

1. e4 e5 2. Nf3 Nc6 3. Nc3 Bc5 4. Bc4 Qf6 5. Nd5 Qd6 6. a4 Nf6 7. d3 Nxd5 8.
Bxd5 Nb4 9. Bb3 O-O 10. O-O Qg6 11. Nxe5 Qf6 12. Nf3 d6 13. Qe2 Be6 14. Bg5 Qg6
15. Qd2 Bg4 16. Nh4 Qh5 17. Nf5 Bxf5 18. exf5 d5 19. Rac1 Bd6 20. g3 h6 21. Bf4
Bxf4 22. Qxf4 a5 23. f6 gxf6 24. Qxf6 Ra6 25. Qe7 Rc6 26. d4 Qf5 27. c3 Nd3 28.
Bc2 Qf3 29. Bxd3 Qxd3 30. Qd7 Qc4 31. Ra1 Qb3 32. f4 Qxb2 33. Qxd5 Qxc3 34. g4
Qe3+ 35. Kh1 Rc2 36. Qf3 Qd2 37. Qg3 Re8 38. Rad1 Qb4 39. g5 Qc3 40. Qg1 Ree2
41. gxh6+ Kf8 42. h7 Qh3 43. Qg8+ Ke7 44. Qg5+ Kd7 45. Qb5+ c6 46. Qxb7+ Kd6 47.
Qb8+ Ke7 48. Qc7+ Kf8 49. Qd8+ Kg7 50. Rg1+ Rg2 51. Qg8+ Kf6 52. h8=Q+ 1-0

[Event "Challenge"]
[Site "http://www.queenalice.com/game.php?id=486028"]
[Date "2008.10.31"]
[Round "-"]
[White "stuge"]
[Black "cdare"]
[Result "1/2-1/2"]
[WhiteElo "1554"]
[BlackElo "1681"]

1. d4 Nf6 2. f3 e6 3. e4 Nc6 4. c3 d5 5. Bb5 Bd7 6. Qa4 Nxe4 7. fxe4 a6 8. Bxc6
Bxc6 9. Qb3 Be7 10. Nf3 O-O 11. O-O b6 12. Ne5 Bb7 13. exd5 Bxd5 14. Qc2 f5 15.
Bf4 Bd6 16. Nd2 Bxe5 17. Bxe5 Qg5 18. Nf3 Bxf3 19. Rxf3 c6 20. Re1 Qg6 21. Rg3
Qf7 22. Qd2 f4 23. Rf3 g5 24. h4 h6 25. hxg5 hxg5 26. g3 Rad8 27. gxf4 Qh5 28.
Ref1 Qg4+ 29. Kf2 gxf4 30. Rxf4 Rxf4+ 31. Qxf4 Rf8 32. Ke1 Rxf4 33. Rxf4 Qg2 34.
Rf2 Qe4+ 35. Re2 Qb1+ 36. Kf2 Qxa2 37. b4 Qb1 38. Bc7 Qf5+ 39. Kg1 b5 40. Rg2+
Kh7 41. Be5 Qf3 42. Rg3 Qd1+ 43. Kg2 Qe2+ 44. Kh3 Qh5+ 45. Kg2 1/2-1/2

[Event "Challenge"]
[Site "http://www.queenalice.com/game.php?id=486279"]
[Date "2008.11.1"]
[Round "-"]
[White "miguelnalexandre"]
[Black "stuge"]
[Result "1-0"]
[WhiteElo "1891"]
[BlackElo "1566"]

1. e4 e5 2. f4 d5 3. exd5 exf4 4. Nf3 Bg4 5. Qe2+ Be7 6. Qb5+ Bd7 7. Qxb7 Na6 8.
Qxa6 Nf6 9. Bc4 O-O 10. O-O Bc5+ 11. d4 Bb6 12. Bxf4 Bc8 13. Qb5 a6 14. Qb3 Bf5
15. Nc3 Qd7 16. Rae1 h6 17. d6 cxd6 18. Qxb6 Bxc2 19. Bxd6 Rfc8 20. Ne5 Qd8 21.
Qxd8+ Rxd8 22. Nxf7 1-0

[Event "Challenge"]
[Site "http://www.queenalice.com/game.php?id=486281"]
[Date "2008.11.1"]
[Round "-"]
[White "stuge"]
[Black "miguelnalexandre"]
[Result "0-1"]
[WhiteElo "1570"]
[BlackElo "1870"]

1. e4 e5 2. Nf3 Nc6 3. Bb5 f5 4. Bxc6 dxc6 5. Nxe5 Qd4 6. Qh5+ g6 7. Nxg6 hxg6
8. Qxg6+ Kd8 9. d3 Ne7 10. Bg5 fxe4 11. Bf6 Qd6 12. dxe4 Rh6 13. Bxe7+ Qxe7 14.
Qg8 Qxe4+ 15. Kd1 Rd6+ 16. Nd2 Qf4 17. Ke1 Be6 18. Rd1 Bxg8 0-1

[Event "1ºTorneio Lesta"]
[Site "http://www.queenalice.com/game.php?id=489852"]
[Date "2008.11.8"]
[Round "3"]
[White "montelo"]
[Black "stuge"]
[Result "0-1"]
[WhiteElo "1691"]
[BlackElo "1553"]

1. e4 e5 2. Qh5 Nc6 3. Bb5 Nf6 4. Qf3 Nd4 5. Qd3 b6 6. Bc4 Bb7 7. Nc3 Bb4 8. a3
Bxc3 9. bxc3 Bxe4 10. Qg3 Nxc2+ 11. Kd1 Nxa1 12. Qxg7 Rf8 13. d3 Bd5 14. Bxd5
Nxd5 15. Qxe5+ Ne7 16. c4 Nb3 17. Qe4 Nxc1 18. Kxc1 f5 19. Qh4 Nc6 20. Qxh7 Qg5+
21. Kc2 Qxg2 22. Qh5+ Kd8 23. Qh4+ Kc8 24. Qh6 Kb7 25. Qh7 Qxh1 26. Nh3 Qxh2 27.
Kc3 Qe5+ 28. d4 Qxd4+ 29. Kb3 Qd3+ 30. Ka4 Qxc4# 0-1

[Event "AUTO-INT-902"]
[Site "http://www.queenalice.com/game.php?id=490392"]
[Date "2008.11.9"]
[Round "2"]
[White "stuge"]
[Black "danniel"]
[Result "1-0"]
[WhiteElo "1575"]
[BlackElo "1389"]

1. e4 e5 2. Qh5 Qf6 3. d3 Bc5 4. Be3 g6 5. Qg5 h6 6. Qxf6 Nxf6 7. Bxc5 b6 8. Be3
Nc6 9. Nc3 Nb4 10. O-O-O d6 11. Kb1 a5 12. Nb5 Kd8 13. a3 Nc6 14. f3 Ba6 15. a4
g5 16. g4 Ne7 17. h4 Kd7 18. hxg5 hxg5 19. Rxh8 Rxh8 20. Bxg5 Ne8 21. d4 Ng6 22.
Bc4 c6 23. Bxf7 Nf4 24. Bxf4 cxb5 25. Bxe8+ Kxe8 26. dxe5 dxe5 27. Bxe5 Rh2 28.
Bxh2 bxa4 29. Bc7 b5 30. Bxa5 Kf7 31. Rd6 Bc8 32. e5 Be6 33. Ne2 Bc4 34. Nd4 a3
35. bxa3 Kg7 36. e6 Bxe6 37. Rxe6 Kf7 38. Bb4 Kg7 39. Nf5+ Kf7 40. Re7+ Kf6 41.
Bc3+ Kg5 42. Bd2+ Kf6 43. Rb7 Ke6 44. Rxb5 Kf6 45. c4 Ke6 46. c5 Kd5 47. Ne3+
Kc6 48. Ra5 Kb7 49. g5 1-0

[Event "AUTO-INT-902"]
[Site "http://www.queenalice.com/game.php?id=490393"]
[Date "2008.11.9"]
[Round "2"]
[White "danniel"]
[Black "stuge"]
[Result "0-1"]
[WhiteElo "1416"]
[BlackElo "1560"]

1. d4 d5 2. h3 Nc6 3. e3 Nf6 4. f3 Bf5 5. g4 Be6 6. Bd3 g5 7. c3 h5 8. e4 dxe4
9. fxe4 hxg4 10. Bxg5 g3 11. Kf1 Rg8 12. Qd2 Nh5 13. d5 Bxd5 14. Nf3 f6 15. Kg2
Be6 16. Bh4 Qd7 17. Rd1 Bxh3+ 18. Kg1 Qg4 19. Bb5 Qxf3 20. Bxc6+ bxc6 21. Na3
Qxe4 22. Re1 Qxh4 23. Rad1 Nf4 24. Re4 Bh6 25. Qe3 f5 26. Red4 c5 27. Rd7 Rg7
28. Nb5 Nd5 29. Qe5 Be3+ 30. Kh1 g2+ 31. Kh2 g1=Q+ 32. Rxg1 Bxg1+ 33. Kh1 Bg2+
34. Kxg1 Qh1+ 35. Kf2 Qf1# 0-1

[Event "AUTO-INT-902"]
[Site "http://www.queenalice.com/game.php?id=490394"]
[Date "2008.11.9"]
[Round "2"]
[White "stuge"]
[Black "gasparzinho"]
[Result "0-1"]
[WhiteElo "1570"]
[BlackElo "1561"]

1. d4 Nf6 2. d5 b5 3. Nc3 a6 4. e4 d6 5. Bg5 h6 6. Bxf6 exf6 7. b4 c5 8. dxc6
Nxc6 9. Nd5 Be6 10. Qe2 Rc8 11. a4 Nd4 12. axb5 Nxe2 13. Bxe2 Rxc2 14. bxa6 Bxd5
15. exd5 Qc7 16. Bb5+ Kd8 17. Ne2 Qa7 18. O-O Be7 19. Nd4 Qxd4 20. a7 Kc7 21.
a8=Q Rxa8 22. Rxa8 f5 23. Re8 Bh4 24. g3 Bf6 25. Ba4 Qxd5 26. Bxc2 Qb5 27. Rb1
Qxe8 28. b5 Bd4 29. Bxf5 Qe2 30. Rf1 Qxb5 31. Bg4 h5 32. Bf3 f5 33. Rc1+ Kd8 34.
Rc6 Qb2 35. Rxd6+ Ke7 36. Rxd4 Qxd4 37. Bxh5 Kf6 38. Bf3 g5 39. Kg2 g4 40. Be2
Qe4+ 41. Kf1 Qh1# 0-1

[Event "AUTO-INT-902"]
[Site "http://www.queenalice.com/game.php?id=490395"]
[Date "2008.11.9"]
[Round "2"]
[White "gasparzinho"]
[Black "stuge"]
[Result "0-1"]
[WhiteElo "1594"]
[BlackElo "1558"]

1. e4 e5 2. Qf3 Bc5 3. a3 Qg5 4. Nc3 b6 5. d4 Qe7 6. Nb5 Bd6 7. Bc4 f6 8. d5 a6
9. Nc3 b5 10. Bd3 c6 11. g4 cxd5 12. Nxd5 Qe6 13. Be3 Nh6 14. Bc5 Nc6 15. c3 O-O
16. Bxd6 Qxd6 17. O-O-O Qc5 18. b4 Qa7 19. Nh3 a5 20. Bxb5 axb4 21. cxb4 Nd4 22.
Ne7+ Kh8 23. Qd3 Nxg4 24. f3 Nxb5 25. Qxb5 Qxa3+ 26. Kc2 Ne3+ 27. Kd2 Nxd1 28.
Rxd1 Ba6 29. Qd5 Qxb4+ 30. Ke3 Qc3+ 31. Kf2 Qc2+ 32. Rd2 Qc1 33. Kg3 Bc4 34.
Qxd7 Rad8 35. Rd1 Qxd1 36. Qxd1 Rxd1 37. Kf2 Rfd8 38. Kg3 Bf1 39. Nf2 R1d2 40.
Nf5 h5 41. Nh4 g5 42. Ng6+ Kg7 43. f4 Kxg6 44. f5+ Kh6 45. Kf3 Re2 46. h3 Rdd2
47. Ng4+ hxg4+ 48. Kxg4 Rd3 49. h4 Bh3# 0-1

[Event "AUTO-INT-902"]
[Site "http://www.queenalice.com/game.php?id=490396"]
[Date "2008.11.9"]
[Round "2"]
[White "stuge"]
[Black "MarcosT"]
[Result "1-0"]
[WhiteElo "1528"]
[BlackElo "1752"]

1. e4 c5 2. d4 cxd4 3. Qxd4 Nc6 4. Qa4 e5 5. Nf3 a6 6. Bg5 Be7 7. Bxe7 Qxe7 8.
Nc3 Nf6 9. O-O-O O-O 10. Nd5 Nxd5 11. exd5 b5 12. Qe4 Nb4 13. Kb1 Bb7 14. Nxe5
Rac8 15. Bd3 Bxd5 16. Qxh7# 1-0

[Event "AUTO-INT-902"]
[Site "http://www.queenalice.com/game.php?id=490397"]
[Date "2008.11.9"]
[Round "2"]
[White "MarcosT"]
[Black "stuge"]
[Result "1-0"]
[WhiteElo "1709"]
[BlackElo "1575"]

1. e4 e5 2. Bc4 Nf6 3. d4 exd4 4. Nf3 Bb4+ 5. c3 dxc3 6. bxc3 Bc5 7. Bg5 O-O 8.
O-O c6 9. e5 Qb6 10. exf6 Qb2 11. Nbd2 Qxc3 12. fxg7 Re8 13. Bxf7+ Kxf7 14. Rc1
Qa3 15. Qc2 Be7 16. Qxh7 Rg8 17. Ne5+ Ke6 18. Qxg8+ Kxe5 19. Nc4+ 1-0

[Event "Challenge"]
[Site "http://www.queenalice.com/game.php?id=499677"]
[Date "2008.11.28"]
[Round "-"]
[White "Popeye"]
[Black "stuge"]
[Result "1-0"]
[WhiteElo "1588"]
[BlackElo "1584"]

1. d4 d5 2. Nc3 Bf5 3. h3 h5 4. Nf3 Nc6 5. a3 g6 6. e3 Bh6 7. Bb5 Qd6 8. Bxc6+
bxc6 9. a4 a5 10. b3 c5 11. Nb5 Qb6 12. Ne5 cxd4 13. exd4 Bxc1 14. Rxc1 Nf6 15.
O-O Ne4 16. c3 c6 17. Na3 c5 18. Nb5 Rc8 19. c4 cxd4 20. Nxd4 dxc4 21. Nxc4 Qc5
22. f3 Ng3 23. Re1 O-O 24. Ne5 Qd5 25. Rxc8 Bxc8 26. Ndc6 Qxd1 27. Nxe7+ Kh7 28.
Rxd1 Re8 29. N5c6 Bb7 30. Nxa5 Rxe7 31. Nxb7 Rxb7 32. Rb1 Ne2+ 33. Kf2 Nc3 34.
Ra1 Rxb3 35. a5 Nb5 36. a6 Nc7 37. a7 Na8 38. Ra6 Nc7 39. Rc6 Na8 40. Rc8 1-0

[Event "Challenge"]
[Site "http://www.queenalice.com/game.php?id=509359"]
[Date "2008.12.18"]
[Round "-"]
[White "Tachin"]
[Black "stuge"]
[Result "1-0"]
[WhiteElo "1100"]
[BlackElo "1584"]

1. Nf3 b6 2. e4 Bb7 3. Qe2 e5 4. d4 exd4 5. Nxd4 Nc6 6. Nb3 Ne5 7. g3 Nf6 8. f4
Neg4 9. e5 Bxh1 10. exf6+ Be7 11. fxe7 Qxe7 12. Nd4 Qxe2+ 13. Nxe2 Nxh2 14. Bh3
O-O 15. Bxd7 Rad8 16. Bb5 c6 17. Bxc6 Bxc6 18. b4 Rfe8 19. Nc3 Ng4 20. Ba3 1-0

[Event "Challenge"]
[Site "http://www.queenalice.com/game.php?id=515704"]
[Date "2009.1.1"]
[Round "-"]
[White "stuge"]
[Black "cdare"]
[Result "0-1"]
[WhiteElo "1585"]
[BlackElo "1687"]

1. e4 e5 2. d3 h6 3. Nf3 Nc6 4. g3 Nf6 5. Nh4 Bc5 6. Nf5 O-O 7. h4 d6 8. g4 Bxf5
9. gxf5 a6 10. Rg1 Kh7 11. Nc3 Nd7 12. Qg4 Rg8 13. Nd5 Nd4 14. Kd1 c6 15. Nc3
Nf6 16. Qg3 Nh5 17. Qg4 Nf6 18. Qg3 b5 19. a3 a5 20. a4 b4 21. Ne2 d5 22. Nxd4
Bxd4 23. exd5 cxd5 24. Rb1 Qd7 25. Bh3 Qd6 26. Be3 Bxe3 27. fxe3 Rac8 28. d4 Ne4
29. dxe5 Qc5 30. Qg2 Qxe3 31. f6 g6 32. Bxc8 Rxc8 33. Rf1 Qd4+ 34. Kc1 Qxe5 35.
Qg4 Rc7 36. h5 g5 37. Rf5 Qh2 38. Qd1 Ng3 39. Rxd5 Ne2+ 40. Qxe2 Qxe2 41. Rd2
Qxh5 42. b3 Qf3 43. Kb2 Qc3+ 0-1